Detalles MARC
| 000 -LEADER |
| fixed length control field |
01773nam a2200457Ii 4500 |
| 001 - CONTROL NUMBER |
| control field |
DIGRILEDIT0086 |
| 003 - CONTROL NUMBER IDENTIFIER |
| control field |
NyNyDIG |
| 006 - FIXED-LENGTH DATA ELEMENTS--ADDITIONAL MATERIAL CHARACTERISTICS |
| fixed length control field |
m o d |
| 007 - PHYSICAL DESCRIPTION FIXED FIELD--GENERAL INFORMATION |
| fixed length control field |
cr ||||||||||| |
| 008 - FIXED-LENGTH DATA ELEMENTS--GENERAL INFORMATION |
| fixed length control field |
140101s2010 cl c o 000 0 spa d |
| 020 ## - INTERNATIONAL STANDARD BOOK NUMBER |
| Canceled/invalid ISBN |
9789562847681 |
| 020 ## - INTERNATIONAL STANDARD BOOK NUMBER |
| Canceled/invalid ISBN |
9562847683 |
| 035 ## - SYSTEM CONTROL NUMBER |
| System control number |
(OCoLC)823747757 |
| 040 ## - CATALOGING SOURCE |
| Original cataloging agency |
DGITA |
| Language of cataloging |
eng |
| Description conventions |
pn |
| Transcribing agency |
DGITA |
| 043 ## - GEOGRAPHIC AREA CODE |
| Geographic area code |
s-cl--- |
| 050 14 - LIBRARY OF CONGRESS CALL NUMBER |
| Classification number |
HQ76.3.C5 eBook |
| 100 1# - MAIN ENTRY--PERSONAL NAME |
| Personal name |
Crespo, Octavio. |
| 245 10 - TITLE STATEMENT |
| Title |
Fuera del clóset / |
| Statement of responsibility, etc. |
Octavio Crespo, entrevistas ; Jordi Castell ... [et al.]. |
| 250 ## - EDITION STATEMENT |
| Edition statement |
1. ed. |
| 264 #1 - PRODUCTION, PUBLICATION, DISTRIBUTION, MANUFACTURE, AND COPYRIGHT NOTICE |
| Place of production, publication, distribution, manufacture |
Providencia, Santiago de Chile: |
| Name of producer, publisher, distributor, manufacturer |
RIL editores, |
| Date of production, publication, distribution, manufacture, or copyright notice |
2010. |
| 300 ## - PHYSICAL DESCRIPTION |
| Extent |
1 online resource (299 pages) : |
| Other physical details |
ports. |
| 336 ## - CONTENT TYPE |
| Content type term |
text |
| Content type code |
txt |
| Source |
rdacontent |
| 337 ## - MEDIA TYPE |
| Media type term |
computer |
| Media type code |
c |
| Source |
rdamedia |
| 338 ## - CARRIER TYPE |
| Carrier type term |
online resource |
| Carrier type code |
cr |
| Source |
rdacarrier |
| 490 1# - SERIES STATEMENT |
| Series statement |
Identikit |
| 490 1# - SERIES STATEMENT |
| Series statement |
Bibliodiversidad. |
| 500 ## - GENERAL NOTE |
| General note |
Inteviews with gays and lesbians from a cross-section of Chilean life. |
| 505 0# - FORMATTED CONTENTS NOTE |
| Formatted contents note |
Jordi Castell -- Cristián Cuevas -- Emma De Ramón -- Giovanni Falchetti -- William Geisse -- Rolando Jiménez -- Luis Larraín -- Erika Montecinos -- Daniel Palma -- Ítalo Passalacqua -- Sandra Pavez -- Víctor Hugo Robles -- Pablo Simonetti -- Angélica Valderrama Cayuman -- Lautaro Villarroel. |
| 650 #0 - SUBJECT ADDED ENTRY--TOPICAL TERM |
| Topical term or geographic name entry element |
Gays |
| Geographic subdivision |
Chile |
| Form subdivision |
Interviews. |
| 650 #0 - SUBJECT ADDED ENTRY--TOPICAL TERM |
| Topical term or geographic name entry element |
Interviews |
| Geographic subdivision |
Chile. |
| 650 #0 - SUBJECT ADDED ENTRY--TOPICAL TERM |
| Topical term or geographic name entry element |
Homosexuality |
| Geographic subdivision |
Chile. |
| 655 #0 - INDEX TERM--GENRE/FORM |
| Genre/form data or focus term |
Electronic books. |
| 700 1# - ADDED ENTRY--PERSONAL NAME |
| Personal name |
Castell, Jordi, |
| Dates associated with a name |
1966- |
| 791 2# - |
| -- |
Digitalia (Firm), |
| -- |
distributor. |
| 793 0# - |
| -- |
Digitalia eBook Collection: |
| -- |
Ril Editores. |
| 830 #0 - SERIES ADDED ENTRY--UNIFORM TITLE |
| Uniform title |
Serie Identikit. |
| 830 #0 - SERIES ADDED ENTRY--UNIFORM TITLE |
| Uniform title |
Bibliodiversidad. |
| 856 40 - ELECTRONIC LOCATION AND ACCESS |
| Materials specified |
Digitalia Hispánica |
| Uniform Resource Identifier |
<a href="https://www.digitaliapublishing.com/a/18677/">https://www.digitaliapublishing.com/a/18677/</a> |
| 910 ## - USER-OPTION DATA (OCLC) |
| User-option data |
Premium Collection: 2007-2012 |
| 942 ## - ADDED ENTRY ELEMENTS (KOHA) |
| Koha item type |
Recurso Electrónico |